000 00475nam a2200181Ia 4500
005 20250508153116.0
008 008 250505s9999 xx 000 0 eng d
037 _aTextual
040 _aFEDL
_beng
_cFEDL
041 _aeng
_2eng
084 _aB, NEH
_qFEDL
100 _aEdwardes Michael
245 0 _aNehru a pictorial biography
260 _aLondon, UK
_bThames and Hudson
_c1962
300 _a143p.
942 _cTEXL
_hB, NEH
999 _c1340731
_d1340731